000 00443nam a22001577a 4500
005 20251108172548.0
008 250721s2002 xx 000 0 ara d
082 1 4 _a021.2/ورد
100 1 _aالوردي، زكي حسين
245 1 0 _aالمعلومات والمجتمع /
264 1 _aبيروت :
_bالوراق للنشر،
_c2002.
300 _a321 ص
650 1 7 _aعلم المعلومات
942 _2ddc
_cBK
999 _c82580
_d82580